000 00453nam a22001457a 4500
008 160702b xxu||||| |||| 00| 0 eng d
020 _a8-12612123-8
082 _22005
_aDC 420.7
_bSh2s
100 _910804
_aSharma, B.D.
245 _aStructure of English language/
_cby B.D. Sharma.
260 _aNew Delhi:
_bAnmol Pub.,
_cc2005.
300 _avii, 264 pages;
_c22 cm.
650 0 _910805
_aEnglish language
_xStudy and teaching
942 _2ddc
_cDC
999 _c3231
_d3231